000 03049nam a22003497a 4500
003 OSt
005 20260204164007.0
007 a
008 260129b |||||||| |||| 00| 0 eng d
020 _a9789357516754
040 _aFoundation University
_beng
_cFoundation University
_dFULib
_erda
050 _aJF 2112.P8
_b.2025 M85
100 _aMukharjee, Sunita,
_eauthor
_914502
245 0 0 _aPolitical parties, pressure groups and social movements /
_cDr. Sunita Mukharjee.
250 _aFirst edition.
260 _aNew Delhi :
_bRandom Publications LLP,
_c2025.
264 _42025.
300 _3resource
_aix, 292 pages
_b;
_c23 cm.
_fvolume
336 _2rdacontent
_atext
_btxt
337 _2rdamedia
_aunmediated
_bn
338 _2rdacarrier
_3resource
_avolume
_bnc
504 _aIncludes bibliographical references and index.
505 _a1. The role of political parties -- 2. Political party system -- 3. Functions of pressure groups -- 4. Growth of pressure groups -- 5. Social movements in India -- 6. Social movement -- 7. The systematic role of parties and interest groups -- 8. Legal representation of interests.
520 _aA political party basically, is a group of people. These people come together to contest elections in order to hold power in the government. It is a way to mobilize voters to support common sets of interests, concerns, and goals. The primary role of the political party is to fix the political agenda and policies. So, each party tries to persuade people by claiming their policies are better than those of other parties. In a broader perspective, a political party is a means via which the people can speak to the government and have a say in the governance of any country. A democracy cannot exist without the presence of a political party. This is clear from the function performed by the political parties. A pressure group is a group of people who are organised actively for promoting and defending their common interest. It is called so, as it attempts to bring a change in public policy by exerting pressure on the government. It acts as a liaison between the government and its members. The pressure groups are also called interest groups or vested groups. They are different from the political parties, as they neither contest elections nor try to capture political power. They are concerned with specific programmes and issues and their activitiesare confined to the protection and promotion of the interests of their members by influencing the government. -- Preface
650 _2LC
_aPolitical parties.
_914503
650 _2LC
_aPressure groups.
_914504
650 _2LC
_aSocial movements.
_914505
650 _2LC
_aPolitical science.
_96468
658 _aPolitical Science, Master of Arts in :
_bPolitical Parties, Elections and Interest Groups ;
_cPOL335
856 _uhttps://drive.google.com/file/d/1oMkcgkeQPOURrfRNOYcNCIkbCeONNSzM/view?usp=sharing
_yClick here to view the table of content
942 _2lcc
_cBK
_eFirst edition.
_hJF 2112.P8
_i.2025 M85
_k(CAS-PS)
_n0
999 _c5505
_d5505